Romantic Poets - Statistics

General Stats
  • This quiz has been taken 70 times
  • The average score is 7 of 12
Answer Stats
Famous Poetry Answer % Correct
Ode to a Nightingale John Keats
92%
The Prelude William Wordsworth
92%
Ozymandias Percy Bysshe Shelley
88%
She Walks in Beauty Lord Byron
86%
The Raven Edgar Allan Poe
72%
The Rime of an Ancient Mariner Samuel Taylor Coleridge
72%
And did those feet in ancient time William Blake
68%
Auld Lang Syne Robert Burns
66%
Demain dès l’aube Victor Hugo
14%
The Bronze Horseman Alexander Pushkin
12%
The Inchcape Rock Robert Southey
12%
Emmonsail's Heath in Winter John Clare
8%
No matching quizzes found
Score Distribution
Percent of People with Each Score
Percentile by Number Answered
Your Score History
You have not taken this quiz